EURO a strategie poskich banków

Salvato in:
Dettagli Bibliografici
Natura: Libro
Lingua:polacco
Pubblicazione: Warszawa TWIGGER 1997
Serie:Biblioteka Bankowca
Soggetti:
Tags: Aggiungi Tag
Nessun Tag, puoi essere il primo ad aggiungerne!!

MARC

LEADER 00000nam a2200000 4500
001 c123626
005 20221124074559.6
020 |a 83-85946-57-8 
041 0 |a pol 
044 |a PL 
245 1 0 |a EURO a strategie poskich banków 
264 1 |a Warszawa  |b TWIGGER  |c 1997 
300 |a 200 s. 
490 1 |a Biblioteka Bankowca 
830 0 |a Biblioteka Bankowca 
610 2 0 |a euro 
610 2 0 |a mena 
610 2 0 |a politika menová 
610 2 0 |a banky 
610 2 0 |a kurz valutový 
610 2 0 |a integrácia 
610 2 0 |a trh finančný medzinárodný 
610 2 0 |a Európska únia 
610 2 0 |a Poľsko